[Event "SRI-ch"]
[Site "Colombo"]
[Date "2020.09.19"]
[Round "8"]
[White "Dabarera, GWDM"]
[Black "Doluweera, Minul Sanjula"]
[Result "0-1"]
[WhiteElo "1938"]
[BlackElo "2118"]
[PlyCount "96"]
[EventDate "2020.09.11"]
[EventType "tourn"]
[EventRounds "13"]
[EventCountry "SRI"]
[SourceTitle "CBM 198 Extra"]
[Source "ChessBase"]
[SourceDate "2020.11.30"]
[SourceVersion "1"]
[SourceVersionDate "2020.11.30"]
[SourceQuality "1"]

1. e4 c6 2. d4 d5 3. exd5 cxd5 4. c4 Nf6 5. Nc3 g6 6. Qb3 Bg7 7. cxd5 0-0 8. Be2 Na6 9. Bf3 Qb6 10. Qd1 Rd8 11. Nge2 Nb4 12. 0-0 Nbxd5 13. Ng3 h5 14. Qe2 Bg4 15. Rd1 Rac8 16. h3 Bxf3 17. Qxf3 Qc6 18. Nce4 Nxe4 19. Qxe4 Qc2 20. Qf3 b6 21. Rd2 Qc6 22. b3 Nb4 23. Qxc6 Nxc6 24. Bb2 Nxd4 25. Bxd4 Rxd4 26. Rxd4 Bxd4 27. Rd1 e5 28. Ne2 Bb2 29. Rd2 Ba3 30. Rd7 a5 31. Rd5 Rc5 32. Rxc5 Bxc5 33. Nc3 f5 34. Kf1 Kf7 35. Ke2 Ke6 36. f3 Bd4 37. Nb5 Kd5 38. Nc7+ Kc5 39. Ne6+ Kb4 40. g4 fxg4 41. fxg4 Ka3 42. Nf8 hxg4 43. hxg4 Kxa2 44. Nxg6 Kxb3 45. Nh4 e4 46. Nf5 Be5 47. Ne3 a4 48. Nf1 Bf4 0-1

[Event "Wch U14"]
[Site "Porto Carras"]
[Date "2018.10.21"]
[Round "3"]
[White "Spyropoulos, Nikolaos"]
[Black "Dabarera, GWDM"]
[Result "1-0"]
[WhiteElo "2378"]
[BlackElo "1768"]
[PlyCount "123"]
[EventDate "2018.10.20"]
[EventType "swiss"]
[EventRounds "11"]
[EventCountry "GRE"]
[SourceTitle "CBM 187 Extra"]
[Source "ChessBase"]
[SourceDate "2018.11.04"]
[SourceVersion "1"]
[SourceVersionDate "2018.11.04"]
[SourceQuality "1"]

1. e4 e5 2. Nf3 Nc6 3. Bc4 Nf6 4. d3 Be7 5. 0-0 0-0 6. Re1 d6 7. a4 Bg4 8. c3 d5 9. exd5 Nxd5 10. h3 Bh5 11. Nbd2 Nf4 12. Nf1 g5 13. Ng3 Bg6 14. Nxe5 Nxe5 15. Rxe5 Bf6 16. Re3 Kh8 17. Ne4 Bg7 18. Re1 Re8 19. Bxf4 gxf4 20. Qf3 Qh4 21. Qg4 Qxg4 22. hxg4 f5 23. gxf5 Bxf5 24. Ng5 Bf6 25. Nf3 Kg7 26. d4 h5 27. Rxe8 Rxe8 28. Re1 Rxe1+ 29. Nxe1 Kf8 30. Kf1 Ke7 31. Ke2 Bg4+ 32. f3 Bd7 33. Nd3 Bg5 34. Bb5 c6 35. Bc4 b6 36. Ne5 Be8 37. Bd3 Kf6 38. b3 Bh6 39. Be4 c5 40. Kd3 cxd4 41. cxd4 Bf8 42. Bc6 Bg6+ 43. Kc4 Bf7+ 44. Kb5 Bd6 45. Nxf7 Kxf7 46. Ka6 Bc7 47. Kxa7 Ke6 48. b4 Kd6 49. Be4 Bd8 50. Kb7 h4 51. Bc6 Bc7 52. Kc8 Kxc6 53. b5+ Kd5 54. Kxc7 Kxd4 55. Kxb6 Ke3 56. Kc5 Kf2 57. b6 Kxg2 58. b7 h3 59. b8Q h2 60. Qh8 h1Q 61. Qxh1+ Kxh1 62. Kd4 1-0

[Event "Asian Schools-ch 14th U15"]
[Site "Waskaduwa"]
[Date "2018.07.09"]
[Round "2.2"]
[White "Thilakarathne, GM Harshana"]
[Black "Dabarera, GWDM"]
[Result "1-0"]
[WhiteElo "2188"]
[BlackElo "1700"]
[PlyCount "73"]
[EventDate "2018.07.09"]
[EventType "swiss"]
[EventRounds "9"]
[EventCountry "SRI"]
[SourceTitle "EXT 2024"]
[Source "ChessBase"]
[SourceDate "2023.10.10"]
[SourceVersion "1"]
[SourceVersionDate "2023.10.10"]
[SourceQuality "1"]

1. e4 c5 2. Nf3 d6 3. d4 cxd4 4. Nxd4 Nf6 5. Nc3 Nc6 6. Bc4 e6 7. Bb3 Be7 8. Be3 a6 9. 0-0 Qc7 10. f4 Bd7 11. f5 Nxd4 12. Bxd4 e5 13. Bf2 Bc6 14. Qd3 Rc8 15. a4 Qa5 16. Kh1 g5 17. Qc4 Rf8 18. Be1 Qc5 19. Qxc5 dxc5 20. Bg3 Bd6 21. Rad1 Ke7 22. Bd5 Bxd5 23. Nxd5+ Nxd5 24. Rxd5 f6 25. h4 h6 26. Rfd1 Rfd8 27. Bf2 b6 28. a5 b5 29. Kh2 Rc6 30. hxg5 hxg5 31. Kg3 Rd7 32. c3 c4 33. Bb6 Rc8 34. Rh1 Ke8 35. Rh8+ Bf8 36. Rxf8+ Kxf8 37. Rxd7 1-0

[Event "Ambalangoda Dhamso op 8th"]
[Site "Ambalangoda"]
[Date "2018.04.21"]
[Round "6"]
[White "Randil, Lakshita"]
[Black "Dabarera, GWDM"]
[Result "1-0"]
[WhiteElo "1904"]
[BlackElo "1721"]
[PlyCount "93"]
[EventDate "2018.04.19"]
[EventType "swiss"]
[EventRounds "9"]
[EventCountry "SRI"]
[SourceTitle "CBM 184 Extra"]
[Source "ChessBase"]
[SourceDate "2018.06.28"]
[SourceVersion "1"]
[SourceVersionDate "2018.06.28"]
[SourceQuality "1"]

1. Nf3 d6 2. d4 Nf6 3. c4 g6 4. g3 Bg7 5. Bg2 0-0 6. 0-0 Nbd7 7. Qc2 c5 8. Nc3 Rb8 9. Rd1 a6 10. e4 cxd4 11. Nxd4 Ne5 12. b3 Bd7 13. Bb2 Qb6 14. h3 Rfc8 15. Rac1 Bh6 16. Rb1 Qa7 17. Qe2 Kf8 18. a4 Qc5 19. Kh1 Rd8 20. f4 Nh5 21. Qf2 Nc6 22. Nce2 Bg7 23. e5 Kg8 24. exd6 exd6 25. g4 Nf6 26. Ng3 Bxg4 27. hxg4 Nxg4 28. Qf3 h5 29. Ne4 Nxd4 30. Bxd4 Qf5 31. Bxg7 Kxg7 32. Rd5 Qe6 33. Kg1 f5 34. Qc3+ Kg8 35. Ng5 Qe3+ 36. Qxe3 Nxe3 37. Rd3 Nxg2 38. Kxg2 b5 39. cxb5 axb5 40. a5 b4 41. Rbd1 Rb5 42. Rxd6 Rxd6 43. Rxd6 Rxa5 44. Rxg6+ Kf8 45. Rb6 Ra2+ 46. Kg3 Rc2 47. Rxb4 1-0

[Event "Ambalangoda Dhamso op 6th"]
[Site "Ambalangoda"]
[Date "2016.04.30"]
[Round "4"]
[White "De Silva, K Shanilka Adithya"]
[Black "Dabarera, GWDM"]
[Result "0-1"]
[WhiteElo "1334"]
[BlackElo "1521"]
[PlyCount "84"]
[EventDate "2016.04.29"]
[EventType "swiss"]
[EventRounds "9"]
[EventCountry "SRI"]
[SourceTitle "EXT 2017"]
[Source "ChessBase"]
[SourceDate "2016.10.25"]
[SourceVersion "1"]
[SourceVersionDate "2016.10.25"]
[SourceQuality "1"]

1. d4 Nf6 2. Nf3 e6 3. c3 c5 4. g3 Nc6 5. Bg2 d5 6. 0-0 cxd4 7. Nxd4 Be7 8. Re1 0-0 9. Bg5 h6 10. Bxf6 Bxf6 11. Nxc6 bxc6 12. Qc2 Qc7 13. Nd2 Rd8 14. Nb3 Qb6 15. e3 Rb8 16. Rab1 Ba6 17. Bf1 Bxf1 18. Rxf1 c5 19. Rfd1 c4 20. Nd4 Rdc8 21. Qe2 Qa6 22. a3 Rb6 23. Qc2 Rcb8 24. Ne2 Qb7 25. Rd2 Rb3 26. a4 a6 27. Qc1 a5 28. Nd4 Bxd4 29. exd4 Qe7 30. Re2 R8b6 31. Kf1 Qf6 32. Qc2 Qf3 33. Kg1 Rxc3 34. bxc3 Rxb1+ 35. Qxb1 Qxe2 36. Qc1 Qa2 37. Kg2 Qxa4 38. Qb2 Qb3 39. Qa1 a4 40. h3 a3 41. Kf1 a2 42. Ke2 Qb1 0-1